Management of technological change / (Record no. 5862)
[ view plain ]
| 000 -LEADER | |
|---|---|
| fixed length control field | 00827nac a22002291u 4500 |
| 010 ## - LIBRARY OF CONGRESS CONTROL NUMBER | |
| LC control number | 89008946 |
| 020 ## - INTERNATIONAL STANDARD BOOK NUMBER | |
| International Standard Book Number | 0471631477 |
| 082 00 - DEWEY DECIMAL CLASSIFICATION NUMBER | |
| Classification number | 658.514 |
| Item number | SAN |
| 090 ## - LOCALLY ASSIGNED LC-TYPE CALL NUMBER (OCLC); LOCAL CALL NUMBER (OCLC) | |
| -- | 5862 |
| -- | 5862 |
| 100 ## - MAIN ENTRY--PERSONAL NAME | |
| Personal name | Sankar, Yassin. |
| 245 10 - TITLE STATEMENT | |
| Title | Management of technological change / |
| Statement of responsibility, etc | Yassin Sankar. |
| 260 ## - PUBLICATION, DISTRIBUTION, ETC. (IMPRINT) | |
| Place of publication, distribution, etc | New York : |
| Name of publisher, distributor, etc | Wiley,c1991. |
| Date of publication, distribution, etc | c1991. |
| 300 ## - PHYSICAL DESCRIPTION | |
| Extent | xxvi, 374 p. : |
| Other physical details | ill. ; |
| Dimensions | 25 cm. |
| 490 1# - Series Statement | |
| Series statement | Wiley series in engineering & technology management |
| 500 ## - GENERAL NOTE | |
| General note | "A Wiley-Interscience publication." |
| 500 ## - GENERAL NOTE | |
| General note | Distributer : Al-Ahram. |
| 504 ## - BIBLIOGRAPHY, ETC. NOTE | |
| Bibliography, etc | Includes bibliographical references and index. |
| 518 ## - DATE/TIME AND PLACE OF AN EVENT NOTE | |
| Date/time and place of an event note | Catalogued By: Mahitab. |
| 650 #0 - SUBJECT ADDED ENTRY--TOPICAL TERM | |
| Topical term or geographic name as entry element | Technological innovations |
| General subdivision | Management. |
| 830 #0 - SERIES ADDED ENTRY--UNIFORM TITLE | |
| Uniform title | Wiley series in engineering and technology management. |
| 942 ## - ADDED ENTRY ELEMENTS (KOHA) | |
| Item type | Book - Borrowing |
| Call number prefix | 658.514SAN |
| Withdrawn status | Item status | Damaged status | Not for loan | Home library | Current library | Shelving location | Date acquired | Source of acquisition | Total Checkouts | Full call number | Barcode | Date last seen | Koha item type |
|---|---|---|---|---|---|---|---|---|---|---|---|---|---|
| Central Library | Central Library | First floor | 07/11/2007 | Purchase | 658.514SAN | 000007461 | 15/07/2025 | Book - Borrowing |